000 03874nam a22004577a 4500
005 20120120111620.0
010 _aB-476954-971
020 _a9788179933435
_c930.00 (set of 6 books)
020 _a9788179933572
035 _aB-476954-971
037 _adpl
_bBlue Berry/Ven
082 _a580
100 _aBagai, Shona
_952349
245 _aPlant kingdom /
_bby Shona Bagai; edited by Anupama Jauhry
260 _aNew Delhi
_bThe Energy and Resources Institute, TERI Press,
_c2011
270 _aDarbari Seth Block, IHC Centre, Lodhi Road
_bNew Delhi
_e110003
300 _a30p.
_bill (col)
_c29 cm (Hb)
490 _aScience in our environment
_952350
500 _aage 7-11 group
700 _aJauhry, Anupama
_939785
942 _2ddc
_cCH
_mBAG
_h580
999 _c61277
_d61277